000 00725nam a2200229 4500
003 OSt
005 20240720021541.0
006 a
008 240720b |||||||| |||| 00| 0 eng d
020 _a9789814272667
040 _aDWCL-Main lib.
_cOC
082 _2Philippine edition
_aCirc. 616.9814 C793c 2013
100 _aCorey, Gerald
245 _aCounseling and psychotherapy: theory and practice /
250 _aPhilippine edition
260 _aSingapore:
_bCengage Learning Asia Pte Ltd.,
_cc2009.
300 _ax,
_b587 p. ;
_c23 cm.
504 _aIncludes bibliographical references & index.
650 _a1. Counseling.
650 _a2. Psychotherapy.
942 _2ddc
_n0
_cBK-CIRC
_ePhilippine edition
_kCirc.
999 _c2468
_d2468